| 000 | 00417nam a2200181Ia 4500 | ||
|---|---|---|---|
| 003 | 0100 | ||
| 008 | 130303s9999 xx 000 0 und d | ||
| 040 | _cARRUPELIB | ||
| 050 | _aHC800.K57 1992 | ||
| 100 | _aKiros, Tedros | ||
| 245 | _aMoral philosophy and development | ||
| 245 | _bthe human condition in Africa | ||
| 260 | _aAthens OH | ||
| 260 | _bOhio UP | ||
| 260 | _C1992 | ||
| 300 | _a178p | ||
| 942 | 0 | 0 | _01 |
| 999 |
_c19665 _d19665 |
||